|
|
|
|
| LEADER |
00000naa2a2200000 4500 |
| 001 |
104416 |
| 005 |
20231031114009.0 |
| 035 |
|
|
|a (RuTPU)RU\TPU\book\112564
|
| 090 |
|
|
|a 104416
|
| 100 |
|
|
|a 20061101d2003 k y0rusy50 ca
|
| 101 |
0 |
|
|a rus
|
| 102 |
|
|
|a RU
|
| 200 |
1 |
|
|a Вертикальная гидрогеохимическая зональность краевой части Западно-Сибирского артезианского бассейна в пределах нижнего течения рек Томь и Чулым
|f Н. А. Ермашова
|
| 320 |
|
|
|a Библиогр.: 3 назв.
|
| 461 |
|
0 |
|0 (RuTPU)RU\TPU\book\59582
|t Проблемы геологии и географии Сибири
|o Материалы научной конференции, посвященной 125-летию основания Томского государственного университета и 70-летию образования геолого-географического факультета 2-4 апреля 2003 г.
|f ТГУ
|d 2003-
|s Науки о Земле: геология, география, метеорология, геодезия
|
| 463 |
|
0 |
|0 (RuTPU)RU\TPU\book\56948
|t Вып. 3 (IV) : Физическая география, геоморфология и эволюционная география. Гидрология и водные ресурсы. Метеорология, климатология и мониторинг атмосферы. Почвоведение и география почв
|v С. 134-136
|d 2003
|p 324 с.
|
| 610 |
1 |
|
|a зональность
|
| 610 |
1 |
|
|a гидрогеохимия
|
| 610 |
1 |
|
|a артезианские бассейны
|
| 610 |
1 |
|
|a Томь
|
| 610 |
1 |
|
|a Чулым
|
| 610 |
1 |
|
|a Западная Сибирь
|
| 610 |
1 |
|
|a труды учёных ТПУ
|
| 700 |
|
1 |
|a Ермашова
|b Н. А.
|
| 801 |
|
1 |
|a RU
|b 63413507
|c 20061101
|g PSBO
|
| 801 |
|
2 |
|a RU
|b 63413507
|c 20100407
|g RCR
|
| 942 |
|
|
|c BK
|